The Holocaust and collective memory : the American experience

Αποθηκεύτηκε σε:
Λεπτομέρειες βιβλιογραφικής εγγραφής
Κύριος συγγραφέας: Novick, Peter
Μορφή: Βιβλίο
Γλώσσα:English
Δημοσίευση: London : Bloomsbury, 2001, 2000
Θέματα:
Ετικέτες: Προσθήκη ετικέτας
Δεν υπάρχουν, Καταχωρήστε ετικέτα πρώτοι!

MARC

LEADER 00000nam a2200000 i 4500
001 1/90023
008 080627r20012000 eng d
020 |a 978-0-7475-5255-0 
020 |a 0-7475-5255-X 
035 |l 10098525 
040 |a GR-MY-UA  |b gre  |e aacr 
041 0 |a eng 
082 0 |a 940.5318  |2 (22) 
100 1 |a Novick, Peter. 
245 1 4 |a The Holocaust and collective memory :  |b the American experience /  |c Peter Novick 
260 |a London :   |b Bloomsbury,   |c 2001, 2000 
300 |a 373 σ.;  |c 20 εκ. 
500 |a Αυτή η χαρτόδετη έκδοση δημοσιεύτηκε 2001 
504 |a Περιέχει βιβλιογραφικές παραπομπές και ευρετήριο 
650 0 0 |a Holocaust, Jewish (1939-1945)  |x Foreign public opinion, American. 
650 0 0 |a Holocaust, Jewish (1939-1945)  |x Influence. 
650 0 0 |a Jews  |z United States  |x Attitudes. 
852 |a INST  |b LESVOS  |e 20080627  |h 940.5318 NOV  |p 005100042232  |q 005100042232  |t BK  |y 0 
901 |a BIBL1-2008-2 
909 |a Λ  |b 145012 
922 |a 1ΕΛΗ  |b 200801  |c ΕΠΕΑΕΚ2/ΤΚΑ  |d ΕΛΕΥΘΕΡΟΥΔΑΚΗΣ 
970 |a ΓΙΑΛΑΜΑ  |b ΜΑΡΙΑ  |z 2008/06/27